000 00283nam a22001337a 4500
003 SGT
082 _a635.0954
_bHAR
100 _aHARLER AGNES W
245 _aTHE GARDEN IN THE PLAINS
260 _aLONDON
_bOXFORD UNI PUB
_c1948
300 _a412
650 _aAG
942 _2ddc
_cRARE
999 _c33730
_d33730